| 000 | 00441nam a2200193Ia 4500 | ||
|---|---|---|---|
| 008 | 210210b1929 xxu||||| |||| 00| 0 eng d | ||
| 041 | _aeng | ||
| 082 | _a370/81 | ||
| 100 | _aSPENCER (H) | ||
| 245 | _aEducation: intelectual moral and physical | ||
| 260 |
_aLondon _b- _c1929 |
||
| 650 | _aphysical | ||
| 650 | _amoral | ||
| 650 | _aintelectual | ||
| 650 | _aEducation: | ||
| 650 | _aand | ||
| 690 | _aEducation | ||
| 906 | _a005021 | ||
| 999 |
_c128704 _d128704 |
||